000 00406nam a2200157Ia 4500
003 GCL
008 140319s9999 xx 000 0 eng d
040 _aGCL /
_cGCL
082 0 4 _a910
_bF F
100 1 _aFUSON, ROBERT
245 1 0 _aFUNDAMENTAL PLACE NAME GEOGRAPHY /
_cFUSON, ROBERT
260 _a[S.N] :
_bWM. C. BROWN PUBLISHERS ،
_c1995
300 _a145 P
650 0 4 _aGEOGRAPHY
942 _2ddc
_cBK
999 _c10294
_d10294